| 000 | 00581nam a2200217 a 4500 | ||
|---|---|---|---|
| 999 |
_c10646 _d10646 |
||
| 001 | 10646 | ||
| 003 | BD-JhCC | ||
| 005 | 20200206134007.0 | ||
| 008 | 180801s2014 bg |||| |||| 000 0 eng d | ||
| 020 | _a9789849087908 | ||
| 035 | _a(BD-JhCC)10646 | ||
| 040 |
_aBD-JhCC _dBD-JhCC |
||
| 041 | _aeng | ||
| 082 |
_a891.44371 _bJAL 2014 |
||
| 100 | _aJaladas, Harishankar | ||
| 245 |
_aSons of the sea / _cHarishankar Jaladas, |
||
| 260 |
_aDhaka : _bAcademic Press and Publishers Library, _c2014 |
||
| 300 |
_a169 p. : _c21 cm. |
||
| 650 | _aBengali fiction | ||
| 942 |
_2ddc _cBK _06 |
||